[Event "Bundesliga 2022-23"]
[Site "Remagen GER"]
[Date "2023.04.01"]
[Round "12.3"]
[Board "4"]
[White "Swinkels, Robin"]
[Black "Meshkovs, Nikita"]
[Result "1-0"]
[WhiteTitle "GM"]
[BlackTitle "GM"]
[WhiteElo "2513"]
[BlackElo "2566"]
[WhiteTeam "SC Remagen Sinzig"]
[BlackTeam "SK Doppelbauer Turm Kiel"]
[WhiteFideId "1010824"]
[BlackFideId "11602740"]
[EventDate "2022.10.22"]

1. d4 Nf6 2. c4 e6 3. g3 d5 4. Bg2 Bb4+ 5. Nd2 O-O 6. Nf3 b6 7. O-O Bb7 8. a3
Be7 9. cxd5 exd5 10. b4 a5 11. b5 a4 12. Ne5 Ne8 13. Nb1 Nd6 14. Nc3 Ra5 15. Rb1
Nd7 16. Bxd5 Bxd5 17. Nxd5 Nxe5 18. dxe5 Nxb5 19. Nxe7+ Qxe7 20. Bd2 Rd8 21. Qe1
Rxd2 22. Qxd2 Nxa3 23. Qxa5 bxa5 24. Rb8+ Qf8 25. Rxf8+ Kxf8 26. Ra1 Nc4 27.
Rxa4 Nxe5 28. Rxa5 Nc6 29. Ra8+ Ke7 30. Rc8 Kd6 31. Rg8 g6 32. Rg7 1-0

[Event "Bundesliga 2022-23"]
[Site "Remagen GER"]
[Date "2023.04.01"]
[Round "12.3"]
[Board "5"]
[White "Gumularz, Szymon"]
[Black "Cyborowski, Lukasz"]
[Result "1-0"]
[WhiteTitle "GM"]
[BlackTitle "GM"]
[WhiteElo "2546"]
[BlackElo "2490"]
[WhiteTeam "SK Doppelbauer Turm Kiel"]
[BlackTeam "SC Remagen Sinzig"]
[WhiteFideId "1188062"]
[BlackFideId "1108760"]
[EventDate "2022.10.22"]

1. e4 c5 2. Nf3 e6 3. d4 cxd4 4. Nxd4 a6 5. Bd3 Qc7 6. Qe2 d6 7. O-O Nf6 8. c4
Nbd7 9. f4 g6 10. f5 Bg7 11. fxe6 Ne5 12. exf7+ Nxf7 13. Kh1 O-O 14. Nc3 Ng4 15.
Nd5 Qd8 16. Nf3 Be6 17. Bf4 Bxd5 18. exd5 Nfe5 19. Nxe5 Nxe5 20. c5 Nxd3 21.
Qxd3 dxc5 22. d6 Qd7 23. Bg5 Rxf1+ 24. Rxf1 Rf8 25. Qd5+ Kh8 26. Rxf8+ Bxf8 27.
Bf6+ Bg7 28. Be7 Bxb2 29. Qb3 Bg7 30. Qh3 Qxh3 31. gxh3 Be5 32. d7 Bc7 33. d8=Q+
Bxd8 34. Bxd8 b5 35. Kg2 Kg7 36. Kf3 Kf7 37. Bb6 c4 38. Ba5 Ke6 39. Ke4 Kd6 40.
Kd4 1-0

[Event "Bundesliga 2022-23"]
[Site "Remagen GER"]
[Date "2023.04.01"]
[Round "12.3"]
[Board "6"]
[White "Jaracz, Pawel"]
[Black "Parvanyan, Ashot"]
[Result "1/2-1/2"]
[WhiteTitle "GM"]
[BlackTitle "IM"]
[WhiteElo "2463"]
[BlackElo "2439"]
[WhiteTeam "SC Remagen Sinzig"]
[BlackTeam "SK Doppelbauer Turm Kiel"]
[WhiteFideId "1102222"]
[BlackFideId "13307550"]
[EventDate "2022.10.22"]

1. e4 e5 2. Nf3 Nc6 3. Bb5 a6 4. Ba4 d6 5. c3 g6 6. d4 Bd7 7. O-O Bg7 8. Re1 Nf6
9. h3 O-O 10. Bc2 Re8 11. Nbd2 b5 12. Nf1 Nh5 13. Be3 Na5 14. b3 Rc8 15. Qd2 c5
16. dxc5 dxc5 17. Rad1 Rc7 18. c4 Nb7 19. cxb5 axb5 20. b4 Qc8 21. bxc5 Nxc5 22.
Bxc5 Rxc5 23. Bb3 Be6 24. Ne3 Bh6 25. Qd6 Bxb3 26. axb3 Bxe3 27. Rxe3 1/2-1/2

[Event "Bundesliga 2022-23"]
[Site "Remagen GER"]
[Date "2023.04.01"]
[Round "12.3"]
[Board "7"]
[White "Fromm, Marius"]
[Black "Dgebuadze, Alexandre"]
[Result "1/2-1/2"]
[WhiteTitle "FM"]
[BlackTitle "GM"]
[WhiteElo "2425"]
[BlackElo "2430"]
[WhiteTeam "SK Doppelbauer Turm Kiel"]
[BlackTeam "SC Remagen Sinzig"]
[WhiteFideId "12993190"]
[BlackFideId "203882"]
[EventDate "2022.10.22"]

1. e4 e6 2. d4 d5 3. Nc3 Bb4 4. e5 Ne7 5. a3 Bxc3+ 6. bxc3 c5 7. Qg4 O-O 8. Bd3
Nbc6 9. Bg5 Qa5 10. Ne2 Ng6 11. O-O Bd7 12. a4 c4 13. Bxg6 fxg6 14. Rfb1 Qc7 15.
h4 Rf7 16. Bc1 Ne7 17. a5 Nf5 18. Qh3 Qd8 19. Bg5 Qc7 20. Nf4 Raf8 21. f3 Ne7
22. Qg4 Nf5 23. Kf2 h5 24. Qh3 Kh7 25. Qh2 b5 26. axb6 axb6 27. Nh3 Kg8 28. Bc1
Nxh4 29. Ng5 Nf5 30. Nxf7 Rxf7 31. Ba3 Ba4 32. Ra2 b5 33. Qf4 Qd8 34. Ke2 g5 35.
Qh2 h4 36. Qh3 Ng3+ 37. Ke1 Rf5 38. Bc1 Qe8 39. Be3 Qg6 40. Qg4 Kh7 41. Kd2 Qh6
42. Re1 Kg8 43. Kc1 Kf7 44. Kb1 Kg8 45. Kb2 Qg6 46. Kb1 Qh6 47. Kb2 Qg6 1/2-1/2

[Event "Bundesliga 2022-23"]
[Site "Remagen GER"]
[Date "2023.04.01"]
[Round "12.3"]
[Board "8"]
[White "Mainka, Romuald"]
[Black "Arndt, Magnus"]
[Result "1-0"]
[WhiteTitle "GM"]
[BlackTitle "FM"]
[WhiteElo "2366"]
[BlackElo "2384"]
[WhiteTeam "SC Remagen Sinzig"]
[BlackTeam "SK Doppelbauer Turm Kiel"]
[WhiteFideId "4600258"]
[BlackFideId "12998656"]
[EventDate "2022.10.22"]

1. e4 e5 2. Nf3 Nc6 3. Bc4 Nf6 4. d3 h6 5. O-O d6 6. a4 g6 7. a5 a6 8. Nc3 Bg7
9. d4 Bg4 10. dxe5 dxe5 11. Qxd8+ Rxd8 12. Ne1 Nd4 13. f3 Bc8 14. Be3 Bf8 15.
Nd1 Be7 16. Rf2 Kf8 17. Nd3 Nc6 18. Bd2 Kg7 19. Ne3 Rhe8 20. Bc3 Bd6 21. Bb3 Nd4
22. Ba4 Bd7 23. Bxd7 Nxd7 24. b4 f6 25. Nc4 Ne6 26. Bd2 Bf8 27. Bc3 Be7 28. g3
Nb8 29. Ne3 Nd4 30. Rd1 Nb5 31. Bb2 Rd7 32. Nd5 c6 33. Nxe7 Rexe7 34. f4 exf4
35. Rxf4 Nd4 36. Kg2 Rf7 37. e5 Ne6 38. exf6+ Kh7 39. Re4 Nc7 40. Rde1 Rd8 41.
Re7 Rf8 42. c4 Nd7 43. Bd4 Kg8 44. Nc5 Nxc5 45. Bxc5 Rxe7 46. fxe7 Re8 47. Bd6 1-0

[Event "Bundesliga 2022-23"]
[Site "Remagen GER"]
[Date "2023.04.01"]
[Round "12.4"]
[Board "1"]
[White "Svane, Rasmus"]
[Black "Kryvoruchko, Yuriy"]
[Result "1/2-1/2"]
[WhiteTitle "GM"]
[BlackTitle "GM"]
[WhiteElo "2615"]
[BlackElo "2658"]
[WhiteTeam "Hamburger SK"]
[BlackTeam "SC Viernheim"]
[WhiteFideId "4657101"]
[BlackFideId "14109182"]
[EventDate "2022.10.22"]

1. e4 c5 2. Nf3 e6 3. d4 cxd4 4. Nxd4 Nf6 5. Nc3 Nc6 6. Nxc6 bxc6 7. e5 Nd5 8.
Ne4 Bb7 9. Be2 c5 10. O-O Qc7 11. Nd6+ Bxd6 12. exd6 Qc6 13. f3 e5 14. c4 Nf4
15. Bxf4 exf4 16. Qd2 O-O 17. Bd3 Rae8 18. Qxf4 Re6 19. Rad1 g6 20. Be4 Qa6 21.
Bxb7 Qxb7 22. b3 Rfe8 23. h3 Qa6 24. Rf2 Re3 25. Kh2 Qa5 26. Rc2 1/2-1/2

[Event "Bundesliga 2022-23"]
[Site "Remagen GER"]
[Date "2023.04.01"]
[Round "12.4"]
[Board "2"]
[White "Meier, Georg"]
[Black "Mendonca, Leon Luke"]
[Result "1-0"]
[WhiteTitle "GM"]
[BlackTitle "GM"]
[WhiteElo "2613"]
[BlackElo "2558"]
[WhiteTeam "SC Viernheim"]
[BlackTeam "Hamburger SK"]
[WhiteFideId "4675789"]
[BlackFideId "35028561"]
[EventDate "2022.10.22"]

1. e4 c5 2. Nf3 d6 3. Bb5+ Nd7 4. d4 cxd4 5. Qxd4 a6 6. Bxd7+ Bxd7 7. Nc3 e5 8.
Qd3 h6 9. Nd2 Rc8 10. Nc4 Be6 11. Ne3 Nf6 12. Bd2 Be7 13. O-O-O Qc7 14. f3 b5
15. Kb1 Bc4 16. Nxc4 Qxc4 17. Qxc4 Rxc4 18. b3 Rc7 19. a4 Rb7 20. axb5 axb5 21.
b4 Kd7 22. Kb2 Ra8 23. Kb3 Kc6 24. Be3 Bd8 25. Ra1 Rbb8 26. Rhd1 Bc7 27. g4 Rc8
28. h4 Ne8 29. Ba7 Bd8 30. Bf2 Nc7 31. h5 Bg5 32. Ra5 Rxa5 33. bxa5 Bd8 34. Bb6
Na6 35. Nd5 Bxb6 36. Ne7+ Kd7 37. Nxc8 Bc7 38. Na7 Bxa5 39. Nxb5 Bc7 40. Kc4 Nc5
41. Nxc7 Kxc7 42. Ra1 Kd7 43. Kb5 Ke7 44. Kc6 Ne6 45. Ra7+ Kf6 46. Kxd6 Nd4 47.
c4 Nxf3 48. c5 1-0

[Event "Bundesliga 2022-23"]
[Site "Remagen GER"]
[Date "2023.04.01"]
[Round "12.4"]
[Board "3"]
[White "Engel, Luis"]
[Black "Fedorchuk, Sergey A."]
[Result "1/2-1/2"]
[WhiteTitle "GM"]
[BlackTitle "GM"]
[WhiteElo "2555"]
[BlackElo "2619"]
[WhiteTeam "Hamburger SK"]
[BlackTeam "SC Viernheim"]
[WhiteFideId "12961523"]
[BlackFideId "14102536"]
[EventDate "2022.10.22"]

1. e4 e5 2. Nf3 Nc6 3. Bb5 a6 4. Ba4 Nf6 5. d3 b5 6. Bb3 Bc5 7. Nc3 d6 8. Nd5 h6
9. c3 Be6 10. Nxf6+ Qxf6 11. Bxe6 Qxe6 12. O-O Ne7 13. d4 Bb6 14. Be3 O-O 15. d5
Qd7 16. Bxb6 cxb6 17. Qb3 Ng6 18. Nd2 Nf4 19. c4 Rfc8 20. g3 bxc4 21. Nxc4 Rxc4
22. Qxc4 Qh3 23. gxf4 Qg4+ 24. Kh1 Qf3+ 25. Kg1 Qg4+ 26. Kh1 Qf3+ 1/2-1/2

[Event "Bundesliga 2022-23"]
[Site "Remagen GER"]
[Date "2023.04.01"]
[Round "12.4"]
[Board "4"]
[White "Braun, Arik"]
[Black "Svane, Frederik"]
[Result "0-1"]
[WhiteTitle "GM"]
[BlackTitle "GM"]
[WhiteElo "2597"]
[BlackElo "2566"]
[WhiteTeam "SC Viernheim"]
[BlackTeam "Hamburger SK"]
[WhiteFideId "4663527"]
[BlackFideId "12923044"]
[EventDate "2022.10.22"]

1. d4 d5 2. c4 e6 3. Nc3 c6 4. e3 Nf6 5. Nf3 Nbd7 6. Qc2 Bd6 7. b3 O-O 8. Be2 e5
9. Bb2 exd4 10. exd4 Re8 11. O-O Nf8 12. Rfe1 Ng6 13. Bf1 Bg4 14. Rxe8+ Qxe8 15.
Nd2 Qe6 16. cxd5 cxd5 17. Rc1 Rc8 18. g3 h5 19. Qd3 h4 20. Bg2 Re8 21. Nf1 Bh3
22. Qf3 Bxg2 23. Qxg2 Ne4 24. Nxe4 dxe4 25. Ne3 f5 26. Qh3 Rf8 27. Kh1 hxg3 28.
hxg3 Ne7 29. Kg2 Qg6 30. Rh1 f4 31. Nc4 fxg3 32. Ba3 Rxf2+ 33. Kg1 Rh2 0-1

[Event "Bundesliga 2022-23"]
[Site "Remagen GER"]
[Date "2023.04.01"]
[Round "12.4"]
[Board "5"]
[White "Ernst, Sipke"]
[Black "Wagner, Dennis"]
[Result "1/2-1/2"]
[WhiteTitle "GM"]
[BlackTitle "GM"]
[WhiteElo "2538"]
[BlackElo "2570"]
[WhiteTeam "Hamburger SK"]
[BlackTeam "SC Viernheim"]
[WhiteFideId "1004689"]
[BlackFideId "24650684"]
[EventDate "2022.10.22"]

1. d4 Nf6 2. c4 e6 3. Nc3 Bb4 4. e3 O-O 5. Nf3 c5 6. Bd3 d5 7. cxd5 exd5 8. dxc5
Bg4 9. O-O Bxc5 10. h3 Bh5 11. b3 Nc6 12. Bb2 a6 13. Rc1 Ba7 14. Be2 Bg6 15. Bd3
Bh5 16. Be2 Bg6 17. Bd3 1/2-1/2

[Event "Bundesliga 2022-23"]
[Site "Remagen GER"]
[Date "2023.04.01"]
[Round "12.4"]
[Board "6"]
[White "Buhmann, Rainer"]
[Black "Lampert, Jonas"]
[Result "1/2-1/2"]
[WhiteTitle "GM"]
[BlackTitle "GM"]
[WhiteElo "2561"]
[BlackElo "2537"]
[WhiteTeam "SC Viernheim"]
[BlackTeam "Hamburger SK"]
[WhiteFideId "4651340"]
[BlackFideId "1303759"]
[EventDate "2022.10.22"]

1. d4 d5 2. Nf3 Nf6 3. c4 c6 4. e3 e6 5. b3 c5 6. dxc5 Bxc5 7. Nbd2 O-O 8. Bb2
Nc6 9. a3 b6 10. b4 Be7 11. Be2 Bb7 12. O-O Rc8 13. Qb1 Qc7 14. Rc1 Qb8 15. cxd5
Nxd5 16. Ne4 h6 17. Ng3 Nf6 18. Bc3 Nd5 19. Bb2 Nf6 20. Ra2 Rfd8 21. Bc3 Ng4 22.
Rac2 Bf6 23. Qb2 Bxc3 24. Rxc3 Nf6 25. R3c2 Ne7 26. Rxc8 Rxc8 1/2-1/2

[Event "Bundesliga 2022-23"]
[Site "Remagen GER"]
[Date "2023.04.01"]
[Round "12.4"]
[Board "7"]
[White "Heinemann, Thies"]
[Black "Zaragatski, Ilja"]
[Result "1/2-1/2"]
[WhiteTitle "GM"]
[BlackTitle "GM"]
[WhiteElo "2484"]
[BlackElo "2505"]
[WhiteTeam "Hamburger SK"]
[BlackTeam "SC Viernheim"]
[WhiteFideId "4601556"]
[BlackFideId "4655192"]
[EventDate "2022.10.22"]

1. e4 c5 2. Nf3 d6 3. Bb5+ Bd7 4. Bxd7+ Nxd7 5. O-O Ngf6 6. Re1 e6 7. b3 Be7 8.
Bb2 b5 9. Qe2 Qb6 10. a4 b4 11. d3 O-O 12. e5 Nd5 13. Nbd2 dxe5 14. Nc4 Qc7 15.
Nfxe5 Rad8 16. g3 Bf6 17. f4 Nb8 18. Qf2 Rfe8 19. Re4 Be7 20. Rae1 g6 21. Qg2
Bf6 22. R4e2 Bg7 23. Qf2 Bf8 24. Ng4 Bg7 25. Nge5 Bf8 26. Ng4 1/2-1/2

[Event "Bundesliga 2022-23"]
[Site "Remagen GER"]
[Date "2023.04.01"]
[Round "12.4"]
[Board "8"]
[White "Abergel, Thal"]
[Black "Sebastian, Dirk"]
[Result "1/2-1/2"]
[WhiteTitle "GM"]
[BlackTitle "IM"]
[WhiteElo "2401"]
[BlackElo "2435"]
[WhiteTeam "SC Viernheim"]
[BlackTeam "Hamburger SK"]
[WhiteFideId "614890"]
[BlackFideId "4637607"]
[EventDate "2022.10.22"]

1. d4 Nf6 2. c4 g6 3. Nc3 d5 4. cxd5 Nxd5 5. Bd2 Bg7 6. e4 Nxc3 7. Bxc3 O-O 8.
Ne2 Nd7 9. g3 e5 10. d5 c6 11. Bg2 cxd5 12. exd5 Nb6 13. Qb3 Bg4 14. h3 Bxe2 15.
Kxe2 Qd7 16. Rhd1 Na4 17. Kf1 Nxc3 18. bxc3 Rfe8 19. d6 e4 20. Rab1 b6 21. Qd5
Rad8 22. Bxe4 Re6 23. c4 Rxd6 24. Qxd6 1/2-1/2

[Event "Bundesliga 2022-23"]
[Site "Munich GER"]
[Date "2023.04.01"]
[Round "12.5"]
[Board "1"]
[White "Van Foreest, Jorden"]
[Black "Maghsoodloo, Parham"]
[Result "1-0"]
[WhiteTitle "GM"]
[BlackTitle "GM"]
[WhiteElo "2694"]
[BlackElo "2721"]
[WhiteTeam "SG Solingen"]
[BlackTeam "FC Bayern Muenchen"]
[WhiteFideId "1039784"]
[BlackFideId "12539929"]
[EventDate "2022.10.22"]

1. d4 Nf6 2. c4 g6 3. Nc3 d5 4. cxd5 Nxd5 5. e4 Nxc3 6. bxc3 Bg7 7. Bb5+ c6 8.
Ba4 b5 9. Bb3 a5 10. Ne2 Na6 11. h4 a4 12. Bc2 e5 13. h5 Be6 14. Be3 exd4 15.
Bxd4 Bxd4 16. Nxd4 Qf6 17. O-O O-O-O 18. Qe2 Bc4 19. Bd3 Bxd3 20. Qxd3 Rhe8 21.
f4 Kb7 22. e5 Qe7 23. Rab1 Nc7 24. Qc4 Qd7 25. Qxa4 Qd5 26. Qc2 Qc5 27. Rf2 f6
28. exf6 Re3 29. Nb3 Qxc3 30. Nc5+ Kc8 31. Qxc3 Rxc3 32. Ne4 Re3 33. Ng5 gxh5
34. Nxh7 Rh8 35. f7 Ne6 36. f5 Nf8 37. Ng5 Rg3 38. Ne6 Kd7 39. Re2 Nh7 40. Rd1+ 1-0

[Event "Bundesliga 2022-23"]
[Site "Munich GER"]
[Date "2023.04.01"]
[Round "12.5"]
[Board "2"]
[White "Santos Latasa, Jaime"]
[Black "Ragger, Markus"]
[Result "0-1"]
[WhiteTitle "GM"]
[BlackTitle "GM"]
[WhiteElo "2677"]
[BlackElo "2632"]
[WhiteTeam "FC Bayern Muenchen"]
[BlackTeam "SG Solingen"]
[WhiteFideId "2293307"]
[BlackFideId "1610856"]
[EventDate "2022.10.22"]

1. d4 Nf6 2. c4 g6 3. f3 c5 4. d5 d6 5. e4 e6 6. Bd3 Nbd7 7. Nh3 Ne5 8. Nf2
Nxd3+ 9. Nxd3 Bg7 10. a4 O-O 11. O-O Nh5 12. Nc3 f5 13. Be3 Bxc3 14. bxc3 f4 15.
Bf2 e5 16. a5 Rf7 17. Qb3 g5 18. h3 Nf6 19. Rfe1 h5 20. Kf1 g4 21. hxg4 hxg4 22.
Ke2 Rh7 23. Rh1 Rxh1 24. Rxh1 g3 25. Bxc5 dxc5 26. Nxc5 Qxa5 27. Nd3 Qb6 28.
Qxb6 axb6 29. Nxe5 Ra2+ 30. Kd3 Rxg2 31. Ng6 Rf2 32. Kd4 Ng4 33. fxg4 g2 34. Rg1
f3 35. Ne5 Rd2+ 36. Ke3 f2 37. Rxg2 f1=Q 38. Rxd2 Qg1+ 39. Kd3 Qg3+ 40. Kd4 Qg1+
41. Kd3 Kf8 42. Re2 Ke7 43. Kd2 Qg3 44. Nd3 Bxg4 45. Re1 Bh5 46. e5 Qg2+ 47. Ke3
Bg6 48. Nf2 Qg3+ 49. Ke2 Qxc3 50. d6+ Ke6 0-1

[Event "Bundesliga 2022-23"]
[Site "Munich GER"]
[Date "2023.04.01"]
[Round "12.5"]
[Board "3"]
[White "L'Ami, Erwin"]
[Black "Huschenbeth, Niclas"]
[Result "1/2-1/2"]
[WhiteTitle "GM"]
[BlackTitle "GM"]
[WhiteElo "2617"]
[BlackElo "2593"]
[WhiteTeam "SG Solingen"]
[BlackTeam "FC Bayern Muenchen"]
[WhiteFideId "1007998"]
[BlackFideId "24604747"]
[EventDate "2022.10.22"]

1. d4 Nf6 2. Nf3 d5 3. Bf4 c5 4. e3 Nc6 5. Be2 e6 6. O-O Bd6 7. dxc5 Bxf4 8.
exf4 Qa5 9. Nbd2 Qxc5 10. Nb3 Qb6 11. c3 O-O 12. Bd3 Bd7 13. Qe2 a5 14. Nbd4
Nxd4 15. Nxd4 Qc5 16. Rfe1 Rab8 17. a4 Rfc8 18. g4 Qd6 19. g5 Ne8 20. Qe5 Qxe5
21. fxe5 g6 22. f4 h6 23. gxh6 Kh7 24. Kf2 Kxh6 25. Rg1 Ng7 26. Rg5 Rh8 27. h4
Nh5 28. Ke3 Kg7 29. Rag1 Kf8 30. Be2 Ng7 31. h5 Nxh5 32. Bxh5 Rxh5 33. Rxh5 gxh5
34. Rh1 Kg7 35. Rxh5 Bxa4 36. f5 exf5 37. Rg5+ Kf8 38. Nxf5 Bd7 39. Rh5 Kg8 40.
Ne7+ Kg7 41. Nxd5 Be6 42. Nf4 Bc4 43. Rg5+ Kf8 44. Nh5 Ke7 45. Nf6 Be6 46. Kd4
b6 47. Rg8 Rxg8 48. Nxg8+ Kd7 49. Nf6+ Kc6 50. Ne4 Kb5 51. Nd2 Kc6 1/2-1/2

[Event "Bundesliga 2022-23"]
[Site "Munich GER"]
[Date "2023.04.01"]
[Round "12.5"]
[Board "4"]
[White "Santos Ruiz, Miguel"]
[Black "Van Wely, Loek"]
[Result "1/2-1/2"]
[WhiteTitle "GM"]
[BlackTitle "GM"]
[WhiteElo "2580"]
[BlackElo "2629"]
[WhiteTeam "FC Bayern Muenchen"]
[BlackTeam "SG Solingen"]
[WhiteFideId "22291482"]
[BlackFideId "1000268"]
[EventDate "2022.10.22"]

1. e4 c5 2. Nf3 d6 3. Nc3 Nf6 4. d4 cxd4 5. Qxd4 Nc6 6. Qd3 Bg4 7. h3 Bxf3 8.
Qxf3 g6 9. Nd5 Bg7 10. c3 O-O 11. Be2 Nxd5 12. exd5 Ne5 13. Qe4 Qa5 14. g3 Nd7
15. Qd3 Nb6 16. Bf3 Rac8 17. O-O Nc4 18. Re1 Rfe8 19. Bg2 b5 20. Re4 Ne5 21. Qe2
Rc4 22. Re3 Rc7 23. Re4 Rc4 24. Re3 Rc7 25. Re4 Rc4 26. Re3 Bf6 27. Bd2 Qb6 28.
Be1 1/2-1/2

[Event "Bundesliga 2022-23"]
[Site "Munich GER"]
[Date "2023.04.01"]
[Round "12.5"]
[Board "6"]
[White "Bogner, Sebastian"]
[Black "Roseneck, Jonas"]
[Result "1-0"]
[WhiteTitle "GM"]
[BlackTitle "FM"]
[WhiteElo "2548"]
[BlackElo "2414"]
[WhiteTeam "FC Bayern Muenchen"]
[BlackTeam "SG Solingen"]
[WhiteFideId "4692055"]
[BlackFideId "12939870"]
[EventDate "2022.10.22"]

1. d4 Nf6 2. c4 e6 3. Nc3 Bb4 4. Qc2 d5 5. cxd5 c5 6. dxc6 Qxd4 7. Nf3 Qe4 8.
cxb7 Bxb7 9. Qxe4 Nxe4 10. Bd2 Nxd2 11. Nxd2 O-O 12. Rc1 Rc8 13. h4 Nd7 14. Rh3
Nf6 15. a3 a5 16. axb4 axb4 17. Rb1 bxc3 18. Rxc3 Rd8 19. f3 Nd5 20. Rb3 Ba6 21.
Ra1 e5 22. e4 Bxf1 23. Rxa8 Rxa8 24. Nxf1 Nf4 25. Ne3 h5 26. Rb5 Rd8 27. g3 Rd3
28. Nc4 Ng6 29. Ke2 Rd4 30. Nxe5 Nxe5 31. Rxe5 Rb4 32. Rxh5 Rxb2+ 33. Ke3 g6 34.
Rd5 Kg7 35. h5 gxh5 36. Rxh5 Kg6 37. Rd5 Rb6 38. g4 Ra6 39. Kf4 Rf6+ 40. Kg3 Ra6
41. g5 Ra1 42. Kf4 1-0

[Event "Bundesliga 2022-23"]
[Site "Munich GER"]
[Date "2023.04.01"]
[Round "12.5"]
[Board "7"]
[White "Wegerle, Joerg"]
[Black "Kurmann, Oliver"]
[Result "1/2-1/2"]
[WhiteTitle "IM"]
[BlackTitle "IM"]
[WhiteElo "2411"]
[BlackElo "2452"]
[WhiteTeam "SG Solingen"]
[BlackTeam "FC Bayern Muenchen"]
[WhiteFideId "4644743"]
[BlackFideId "1308173"]
[EventDate "2022.10.22"]

1. Nf3 Nf6 2. g3 c5 3. Bg2 Nc6 4. c4 d5 5. cxd5 Nxd5 6. Nc3 Nc7 7. O-O e5 8. a3
Rb8 9. d3 Be7 10. Be3 O-O 11. Rc1 Bd7 12. Nd2 Rc8 13. Nc4 f6 14. b4 cxb4 15.
axb4 b6 16. b5 Nd4 17. f4 Ncxb5 18. Bxd4 exd4 19. Nxb5 Bxb5 20. Qb3 Bxc4 21.
Rxc4 Kh8 22. Ra1 Rxc4 23. Qxc4 a5 24. Qe6 f5 25. Bf3 Bc5 26. Kg2 Qe8 27. Qc4 Qd7
28. h4 Rc8 29. Qa6 g6 30. Ra2 Kg7 31. Ra1 Rc7 32. Qa8 h5 33. Kf2 Bb4 34. Qb8 Bc5
35. Qa8 Kh7 36. Ra2 Bb4 37. Ra1 b5 38. Rb1 Bc3 39. Qa6 Bb4 40. Qb6 Rc2 41. Kg2
Rc8 42. Kh3 Re8 43. Rb2 Re6 44. Qb8 Re7 45. Rb1 Re6 46. Rb2 Ra6 47. Kg2 Bd6 48.
Qxb5 Qxb5 49. Rxb5 a4 50. Rb7+ Kh8 51. Bd5 a3 52. Ba2 Bc5 1/2-1/2

[Event "Bundesliga 2022-23"]
[Site "Munich GER"]
[Date "2023.04.01"]
[Round "12.5"]
[Board "8"]
[White "Lindgren, Philip"]
[Black "Halvax, Georg"]
[Result "1/2-1/2"]
[WhiteTitle "IM"]
[BlackTitle "IM"]
[WhiteElo "2382"]
[BlackElo "2432"]
[WhiteTeam "FC Bayern Muenchen"]
[BlackTeam "SG Solingen"]
[WhiteFideId "1713230"]
[BlackFideId "1619543"]
[EventDate "2022.10.22"]

1. d4 d5 2. c4 e6 3. Nf3 Nf6 4. g3 Be7 5. Bg2 O-O 6. Nc3 dxc4 7. Ne5 Nc6 8. Bxc6
bxc6 9. Nxc6 Qe8 10. Nxe7+ Qxe7 11. Qa4 c5 12. dxc5 Qxc5 13. Be3 Qc7 14. O-O-O
Bb7 15. f3 Nd5 16. Bd4 a5 17. Nxd5 exd5 18. h4 Bc6 19. Qc2 a4 20. a3 Rab8 21.
Kb1 Qe7 22. Ka2 Rb3 23. g4 Re8 24. Rd2 Qe6 25. Ka1 Qd6 26. Ka2 Qe6 27. Ka1 Qd6
28. h5 Qf4 29. h6 g6 30. Ka2 Bd7 31. Bc3 Be6 32. Rd4 Qe3 33. Qd2 Qxd2 34. Rxd2
f5 35. g5 Bf7 36. Kb1 Rb6 37. Kc2 Rb5 38. Rh4 Re3 39. Bd4 Re8 40. Kd1 Rb3 41.
Rf4 Rb5 42. Ke1 Be6 43. Kf2 Bd7 44. Bc3 Bc6 45. Rfd4 Kf7 46. Kg3 Re3 47. Kf4 Re6
48. Rc2 Rb8 49. Rdd2 Rb7 50. Bd4 Rb8 51. Rc3 Rbe8 52. Re3 Rxe3 53. Bxe3 Ke6 54.
Bd4 Kd6 55. Kg3 Re6 56. Bf6 Re8 57. Kf2 Re6 58. Rd4 Re8 59. Ke1 Bb5 60. Rd2 Bc6
61. Kd1 Bb5 62. Kc2 c3 63. Kxc3 Rxe2 64. Rxe2 Bxe2 65. f4 Bd1 66. Kd4 Bb3 67.
Bg7 Ke6 68. Kc5 Kd7 69. Be5 Ke6 70. Kc6 Ke7 71. Bg7 Ke6 72. Bf6 Kf7 73. Kd7 Kf8
74. Bd4 Kf7 75. Bg7 Bc4 76. b4 axb3 77. a4 d4 78. Bxd4 b2 79. Bxb2 Kg8 80. a5
Kf7 81. Kc6 Kg8 82. Kb6 Kf7 83. a6 Bxa6 84. Kxa6 Kg8 85. Kb6 Kf7 86. Kc6 Kg8 87.
Kd6 Kf7 88. Ke5 Kg8 89. Kf6 Kf8 90. Ke6 Kg8 91. Ba3 Kh8 92. Bf8 Kg8 1/2-1/2

[Event "Bundesliga 2022-23"]
[Site "Munich GER"]
[Date "2023.04.01"]
[Round "12.6"]
[Board "2"]
[White "Moussard, Jules"]
[Black "Zelbel, Patrick"]
[Result "1-0"]
[WhiteTitle "GM"]
[BlackTitle "IM"]
[WhiteElo "2686"]
[BlackElo "2456"]
[WhiteTeam "Schachfreunde Deizisau"]
[BlackTeam "SV Muelheim Nord"]
[WhiteFideId "642908"]
[BlackFideId "24624322"]
[EventDate "2022.10.22"]

1. e4 c5 2. Nf3 d6 3. d4 cxd4 4. Nxd4 Nf6 5. Nc3 g6 6. Be3 Bg7 7. f3 O-O 8. Qd2
Nc6 9. O-O-O d5 10. exd5 Nxd5 11. Nxc6 bxc6 12. Bd4 e5 13. Bc5 Re8 14. Ne4 Qc7
15. h4 f5 16. Nd6 Rd8 17. Nxc8 Raxc8 18. h5 Nb6 19. Bxb6 Rxd2 20. Bc4+ Kf8 21.
Bxc7 Rxd1+ 22. Rxd1 Bh6+ 23. Kb1 Rxc7 24. hxg6 hxg6 25. Rd6 Kg7 26. Re6 Rd7 27.
Bd3 Bf4 28. a4 Rd4 29. Rxc6 e4 30. fxe4 fxe4 31. Bb5 e3 32. Bd3 g5 33. a5 Kf7
34. Rc4 Rd5 35. b4 Kf6 36. Re4 Rd8 37. Ka2 Rh8 38. Kb3 Rh2 39. g4 Rg2 40. b5 Rg1
41. a6 1-0

[Event "Bundesliga 2022-23"]
[Site "Munich GER"]
[Date "2023.04.01"]
[Round "12.6"]
[Board "3"]
[White "Buckels, Valentin"]
[Black "Bluebaum, Matthias"]
[Result "1/2-1/2"]
[WhiteTitle "IM"]
[BlackTitle "GM"]
[WhiteElo "2456"]
[BlackElo "2647"]
[WhiteTeam "SV Muelheim Nord"]
[BlackTeam "Schachfreunde Deizisau"]
[WhiteFideId "12942766"]
[BlackFideId "24651516"]
[EventDate "2022.10.22"]

1. d4 e6 2. Bf4 Nf6 3. e3 c5 4. Nf3 Nc6 5. Nbd2 h6 6. dxc5 Bxc5 7. Nb3 Be7 8.
Bd6 O-O 9. c4 a5 10. a3 a4 11. Bxe7 Nxe7 12. Nbd4 Qb6 13. Nb5 d5 14. Qd4 Qa5+
15. Qc3 Qd8 16. Bd3 Bd7 17. O-O dxc4 18. Bxc4 Ned5 19. Qd4 Qa5 20. Nd6 Bc6 21.
Ne5 Qc7 22. Nb5 Bxb5 23. Bxb5 Rfd8 24. Rac1 Qa5 25. Be2 Ne7 26. Qc3 Qxc3 27.
bxc3 Rac8 28. Rfd1 Rxd1+ 29. Bxd1 Ne4 30. c4 Nc5 31. Kf1 Rd8 32. Ke2 f6 33. Nf3
Nc6 34. Bc2 Na5 35. Nd2 Kf7 36. Rb1 Ke7 37. Rb4 Nc6 1/2-1/2